| 000 | 00551nam a2200241 a 4500 | ||
|---|---|---|---|
| 001 | nice12345678 | ||
| 003 | IN_TiNIC | ||
| 005 | 20260116011632.0 | ||
| 008 | 050524s1954 lona grp 000 0 eng | ||
| 020 |
_a _c0 |
||
| 082 | 0 | 0 |
_a269.2 _bWAR2 |
| 100 | _aWarren, Max | ||
| 245 |
_aRevival _b an Enquiry |
||
| 260 |
_aLondon _bScm Press _c1954 |
||
| 300 | _a123p | ||
| 500 | _aincludes index and biblioraphy | ||
| 505 | 2 | _aIndex | |
| 650 | _aEvangelistic Work | ||
| 700 | 1 | _aWarren, Max | |
| 902 | _bSRS | ||
| 942 | _cBK | ||
| 999 |
_c3023 _d3023 |
||